000 00712nam a2200253Ia 4500
003 OSt
005 20221005084531.0
006 a|||||r|||| 00| 0
007 ta
008 221004b |||||||| |||| 00| 0 eng d
024 _a77284
037 _cTextual
040 _aCRL
_cCRL
_beng
041 _2eng
_aeng
082 _aO111,2J64,H:gx, K0
100 _aSacks Claire Ed.
_9613389
245 0 _aHamlet
_b Enter critic
260 _aNew York
_bAppleton century crofts USA
_c1960
300 _a298p
_ccm.
650 _aENGLISH LITERATURE
700 _a Whan Edgar Ed.
_9613390
942 _hO111,2J64,H:gx, K0
_cTEXL
_2cc
999 _c992762
_d992762